'I' Vocabulary (Medium) Quiz Stats

 Plays Quiz Updated Jul 11, 2017

Support Sporcle.
Go Orange.
Score 0/25 Timer 06:00
1 Play Today
% Correct
icicle
95.4%
immigration
95.3%
insomnia
95.3%
insulin
94.9%
ion
94.9%
illiterate
94.9%
index
94.9%
iris
94.8%
ignite
94.6%
interview
94.4%
immense
94%
improvise
94%
irrational
94%
% Correct
invasion
93.7%
idle
93.6%
intelligent
93.5%
instruction
93.4%
inmate
92.7%
imitate
92.1%
illusion
92%
information
91.9%
irate
91.8%
inquisitive
91.7%
imperialism
90.4%
inquiry
86.4%

You're not logged in!

Compare scores with friends on all Sporcle quizzes.
OR
Log In
Forgot?

From the Vault

Tom Hanks in Peril

by Hejman

Tom, it's your birthday, you need to relax a little bit.
Remove Ads.
Support Sporcle.
Get the best of Sporcle when you Go Orange. This ad-free experience offers more features, more stats, and more fun while also helping to support Sporcle. Thank you for becoming a member.

Show Comments

Extras

Top Quizzes Today


Score Distribution

Your Account Isn't Verified!

In order to create a playlist on Sporcle, you need to verify the email address you used during registration. Go to your Sporcle Settings to finish the process.

Report this User

Report this user for behavior that violates our Community Guidelines.

Details: